El tío Poppoff / (Registro nro. 11760)

Detalles MARC
000 -LIDER
fixed length control field 00664nam a22002417a 4500
001 - NÚMERO DE CONTROL
Identificador de número de control 000632
003 - IDENTIFICACDOR DE NÚMERO DE CONTROL
control field DO-SdBNP
005 - DATE AND TIME OF LATEST TRANSACTION
control field 20180222085424.0
007 - CAMPOS FIJOS DE DESCRIPCIÓN FÍSICA
fixed length control field 000632
008 - ELEMENTOS DE LONGITUD FIJA
fixed length control field 161102b 1966 sp a 00| 0 spa d
040 ## - FUENTE DE CATALOGACIÓN
Agencia que crea de manera original el registro BPMSU
Idioma de catalogación spa
Agencia que realiza la transcripción BPMSU
082 #4 - NÚMERO DE CLASIFICACIÓN DECIMAL DE DEWEY
Classification number xxxx
Item number xxxx
100 1# - ASIENTO PRINCIPAL -- NOMBRE PERSONAL
Nombre personal Janosch.
245 10 - MENCIÓN DE TITULO
Título El tío Poppoff /
Mención de responsabilidad Janosch ; traducción Josefa Rodés
260 ## - PUBLICACIÓN, DISTRIBUCIÓN, ETC. (PIE DE IMPRENTA)
Lugar de publicación, distribución, etc Barcelona :
Nombre del editor, distribuidor, etc. Lumen,
Fecha de publicación, distribución, etc 1966.
300 ## - DESCRIPCIÓN FÍSICA
Extensión 112 p. :
Otros detalles físicos il. ;
Dimensiones 18 cm.
490 1# - MENCIÓN DE SERIES
Mención de serie Grandes Autores
Volume/sequential designation 23
700 12 - ASIENTO SECUNDARIO -- NOMBRE PERSONAL
Nombre personal Rodes, Josefa,
Mención de responsabilidad tr.
830 #0 - ASIENTO SECUNDARIO DE SERIE--TÍTULO UNIFORME
Título uniforme Grandes Autores ;
Número de la parte o sección de una obra 23
942 ## - ADDED ENTRY ELEMENTS (KOHA)
Source of classification or shelving scheme Dewey Decimal Classification
Koha item type Libros
945 ## - INFORMACIÓN DE PROCESAMIENTO LOCAL
Información de procesamiento local Inventariado, 2018 / BT
956 ## - LOCAL ELECTRONIC LOCATION AND ACCESS (OCLC)
Método de acceso LOPEREZ
Materiales especificados 10
Enlace 20161102
Campo enlazado y núm. de secuencia BPMSU
Nombre de host 00041
Existencias
Withdrawn status Lost status Source of classification or shelving scheme Damaged status Not for loan Collection code Home library Current library Date acquired Source of acquisition Total Checkouts Full call number Barcode Date last seen Price effective from Koha item type
    Dewey Decimal Classification     Colección Infantil General Biblioteca Pública Metropolitana Salomé Ureña Biblioteca Pública Metropolitana Salomé Ureña 11/02/2016 Sin sellar   xxxx xxxx BPMSU16110026 11/02/2016 11/02/2016 Libros